00755nam a2200241Ia 450000100060000000300090000600800410001504000130005604000130006904100130008210000210009510000290011624500330014524500310017825000110020926000090022026000220022926000490025130000560030050001060035665000200046265000310048263982IT-RoPAU130308s9999 xx 000 0 und d aIT-RoPAU cIT-RoPAU aITALIANO aMalcovati Fausto gCodice Aut. SPICS: 12870 aMejerchol'd dal 1917 al 1919 bTeatro-Anno Iii, N.3, 1970 a1a ed. aROMA bSamona' E Savelli c1970 [1° Ed.:1970 - Ed.Ling.Originale:1970] a"34 p. (prefazione: no ; testo: 34 [pagine: 6-39])" aNascita del Teo Narkompros Scuola per l'addestramento dell'attore mistero Buffo e Il Teatro Futurista aSAGGI DI TEATRO eCodice materia Spics: 8411